|
|
|
|
| LEADER |
00000cam a2200000 7i4500 |
| 001 |
0000050847 |
| 005 |
20150725.0 |
| 008 |
150725 |
| 020 |
|
|
|a 0431104530
|
| 020 |
|
|
|a 9780431104539
|
| 090 |
0 |
0 |
|a BIO
|b ENG
|
| 100 |
1 |
|
|a Ann Fullick
|
| 245 |
1 |
0 |
|a Louis Pasteur
|c Ann Fullick
|
| 260 |
|
|
|a USA :
|b Heinemann Library :
|b 2001
|
| 300 |
|
|
|a 48pg. :
|b Col.ill
|
| 490 |
1 |
|
|a Groundbreakers
|
| 650 |
|
0 |
|a English Fiction
|
| 999 |
|
|
|a 0000926301
|b Book
|c Children Collection
|e Cawangan Bukit Gambir
|
| 999 |
|
|
|a 0000926302
|b Book
|c Children Collection
|e Cawangan Bukit Gambir
|
| 999 |
|
|
|a 0000935715
|b Book
|c Children Collection
|e Cawangan Tangkak
|
| 999 |
|
|
|a 0000935716
|b Book
|c Children Collection
|e Cawangan Tangkak
|